000 00452nam a22001697a 4500
003 CEME
005 20210628203525.0
008 210316b xxu||||| |||| 00| 0 eng d
020 _a1-56347-013-6
040 _c.
082 _a629.47522 HUZ'M
100 _aHuang, David H , Huzel, K
_966004
245 _aModern engineering for design of liquid propellant rocket engineer
260 _aWASHINGTON
_bAIAA
_c1992
300 _a431P
942 _cBK
_2ddc
999 _c574059
_d574059